[Event "Titled Tuesday intern op 12th May"]
[Site "Chess.com INT"]
[Date "2020.05.12"]
[Round "5"]
[White "Gracia, Gerardo Antonio"]
[Black "Gurevich, Dmitry"]
[Result "0-1"]
[WhiteElo "2263"]
[BlackElo "2399"]
[PlyCount "78"]
[EventDate "2020.05.12"]
[EventType "swiss (blitz)"]
[EventRounds "10"]
[EventCountry "USA"]
[SourceTitle "EXT 2021"]
[Source "ChessBase"]
[SourceDate "2020.10.23"]
[SourceVersion "1"]
[SourceVersionDate "2020.10.23"]
[SourceQuality "1"]

1. d4 Nf6 2. c4 a6 3. Nc3 c5 4. d5 b5 5. cxb5 axb5 6. Nxb5 Qa5+ 7. Nc3 Bb7 8. Bd2 Qb6 9. e4 e6 10. dxe6 fxe6 11. Qc2 Nc6 12. Nf3 Nd4 13. Qb1 Be7 14. Bd3 Ng4 15. 0-0 Nxf3+ 16. gxf3 Ne5 17. Be2 0-0 18. Be3 Nxf3+ 19. Bxf3 Rxf3 20. Rd1 Rxe3 21. fxe3 c4 22. Re1 Bg5 23. Qc1 Rf8 24. Qd2 Rf3 25. Qxd7 h6 26. Kg2 Rf7 27. Qe8+ Rf8 28. Qb5 Bxe4+ 29. Kh3 Rf3+ 30. Kg4 Qxb5 31. Nxb5 Rf2 32. Nd6 Bd3 33. h4 Be7 34. Nb5 Rxb2 35. Nd4 Bd6 36. a4 e5 37. Nf3 e4 38. Nd4 Rg2+ 39. Kf5 Kf7 0-1

[Event "Titled Tuesday intern op 12th May"]
[Site "Chess.com INT"]
[Date "2020.05.12"]
[Round "2"]
[White "Haring, Filip"]
[Black "Gracia, Gerardo Antonio"]
[Result "1-0"]
[WhiteElo "2306"]
[BlackElo "2269"]
[PlyCount "55"]
[EventDate "2020.05.12"]
[EventType "swiss (blitz)"]
[EventRounds "10"]
[EventCountry "USA"]
[SourceTitle "EXT 2021"]
[Source "ChessBase"]
[SourceDate "2020.10.23"]
[SourceVersion "1"]
[SourceVersionDate "2020.10.23"]
[SourceQuality "1"]

1. Nf3 c5 2. c4 Nc6 3. Nc3 g6 4. e3 Bg7 5. d4 d6 6. d5 Na5 7. Be2 e5 8. dxe6 Bxe6 9. Nb5 Bf8 10. Qa4 Nc6 11. 0-0 a6 12. Nc3 Bg7 13. Rd1 Nf6 14. e4 Qc7 15. Nb5 Qa5 16. Qxa5 Nxa5 17. Nc7+ Ke7 18. Nxa8 Rxa8 19. Bd2 Nxc4 20. Bc3 Bh8 21. Bxc4 Bxc4 22. e5 dxe5 23. Nxe5 Be6 24. f3 Nd5 25. Re1 Nxc3 26. bxc3 Rd8 27. Rab1 b5 28. Nc6+ 1-0

[Event "Titled Tuesday intern op 5th May"]
[Site "Chess.com INT"]
[Date "2020.05.05"]
[Round "5"]
[White "Gracia, Gerardo Antonio"]
[Black "Melian, Juan Sebastian"]
[Result "1-0"]
[WhiteElo "2307"]
[BlackElo "1950"]
[PlyCount "27"]
[EventDate "2020.05.05"]
[EventType "swiss (blitz)"]
[EventRounds "10"]
[EventCountry "USA"]
[SourceTitle "EXT 2021"]
[Source "ChessBase"]
[SourceDate "2020.10.23"]
[SourceVersion "1"]
[SourceVersionDate "2020.10.23"]
[SourceQuality "1"]

1. e4 c5 2. Nc3 e6 3. g3 a6 4. Bg2 b5 5. d3 Bb7 6. Nh3 Nf6 7. f4 d5 8. e5 Nfd7 9. 0-0 Nc6 10. f5 Ndxe5 11. fxe6 fxe6 12. Ng5 Qa5 13. Nxe6 Ne7 14. Bf4 1-0

[Event "Titled Tuesday intern op 28th Apr"]
[Site "Chess.com INT"]
[Date "2020.04.28"]
[Round "6"]
[White "Kavyev, Ruslan"]
[Black "Gracia, Gerardo Antonio"]
[Result "1-0"]
[WhiteElo "2327"]
[BlackElo "2314"]
[PlyCount "137"]
[EventDate "2020.04.28"]
[EventType "swiss (blitz)"]
[EventRounds "10"]
[EventCountry "USA"]
[SourceTitle "EXT 2021"]
[Source "ChessBase"]
[SourceDate "2020.10.23"]
[SourceVersion "1"]
[SourceVersionDate "2020.10.23"]
[SourceQuality "1"]

1. d4 Nf6 2. c4 g6 3. Nc3 d5 4. Bf4 Bg7 5. e3 0-0 6. Rc1 c5 7. dxc5 Qa5 8. cxd5 Rd8 9. Bc4 Qxc5 10. Bb3 Nc6 11. Nge2 Na5 12. 0-0 Nxb3 13. Qxb3 Qa5 14. Rfd1 Qa6 15. Nd4 Bd7 16. e4 Rdc8 17. h3 Qc4 18. Be3 Qxb3 19. Nxb3 Be8 20. f3 Nd7 21. Bd4 Bh6 22. Rc2 Nb6 23. g3 Nc4 24. f4 b5 25. Nxb5 Bxb5 26. Rdc1 Nb6 27. Bc5 Bf8 28. Nd4 Bd7 29. f5 Na4 30. fxg6 hxg6 31. Ba3 Bg7 32. Nc6 Bxc6 33. dxc6 Be5 34. Kg2 Bd6 35. Bxd6 exd6 36. Rd2 Nc5 37. Kf3 Rxc6 38. b4 Rac8 39. bxc5 dxc5 40. Rc4 Ra6 41. a4 Rb8 42. Rd5 Rb3+ 43. Kf4 Rb4 44. Rdxc5 Rbxa4 45. Rxa4 Rxa4 46. g4 Kg7 47. g5 a5 48. h4 Ra2 49. Rc7 a4 50. e5 Kf8 51. Rc8+ Ke7 52. Rc7+ Ke8 53. Ra7 a3 54. e6 fxe6 55. Ke5 Rh2 56. Kxe6 Kd8 57. Rxa3 Rxh4 58. Kf6 Ke8 59. Kxg6 Kf8 60. Ra8+ Ke7 61. Kg7 Rg4 62. g6 Rg2 63. Ra3 Rg1 64. Re3+ Kd6 65. Kf7 Rf1+ 66. Kg8 Rg1 67. g7 Rg2 68. Rh3 Rg4 69. Kh8 1-0

[Event "Titled Tuesday intern op 21st April"]
[Site "Chess.com INT"]
[Date "2020.04.21"]
[Round "4"]
[White "Gracia, Gerardo Antonio"]
[Black "Grineva, Marianna"]
[Result "1-0"]
[WhiteElo "2421"]
[BlackElo "2002"]
[PlyCount "89"]
[EventDate "2020.04.21"]
[EventType "swiss (blitz)"]
[EventRounds "10"]
[EventCountry "USA"]
[SourceTitle "EXT 2021"]
[Source "ChessBase"]
[SourceDate "2020.10.23"]
[SourceVersion "1"]
[SourceVersionDate "2020.10.23"]
[SourceQuality "1"]

1. d4 g6 2. c4 Bg7 3. e4 d6 4. Nf3 Nf6 5. Nc3 0-0 6. Be2 e5 7. d5 a5 8. Bg5 Nbd7 9. Nd2 h6 10. Be3 Kh7 11. a3 Ng8 12. 0-0 f5 13. f3 Ndf6 14. b4 b6 15. Qc2 h5 16. c5 Bh6 17. Bxh6 Nxh6 18. cxb6 cxb6 19. Nb5 Rf7 20. Rac1 Ba6 21. bxa5 bxa5 22. Qc6 Bxb5 23. Qxb5 Rb8 24. Qc6 Rb6 25. Qc3 a4 26. Bd3 Rfb7 27. Qc8 Qxc8 28. Rxc8 Rb2 29. Nc4 R2b3 30. Na5 Rxd3 31. Nxb7 Rxa3 32. Nxd6 Rb3 33. Ra1 a3 34. Rc7+ Kg8 35. Ra7 fxe4 36. fxe4 Rb6 37. Nc4 Rb4 38. Nxe5 Nxe4 39. Nxg6 Nf5 40. R7xa3 Rb2 41. Ra7 Ne3 42. Nf4 Rf2 43. g3 Rf3 44. Re7 Nd2 45. Ra8# 1-0

[Event "Titled Tuesday intern op 14th April"]
[Site "Chess.com INT"]
[Date "2020.04.14"]
[Round "9"]
[White "Wan, Caleb"]
[Black "Gracia, Gerardo Antonio"]
[Result "1-0"]
[WhiteElo "2013"]
[BlackElo "2376"]
[PlyCount "35"]
[EventDate "2020.04.14"]
[EventType "swiss (blitz)"]
[EventRounds "10"]
[EventCountry "USA"]
[SourceTitle "EXT 2021"]
[Source "ChessBase"]
[SourceDate "2020.10.23"]
[SourceVersion "1"]
[SourceVersionDate "2020.10.23"]
[SourceQuality "1"]

1. e4 c5 2. Nf3 Nc6 3. d4 cxd4 4. Nxd4 g6 5. Nc3 Bg7 6. Be3 Nf6 7. Bc4 0-0 8. Bb3 Re8 9. f3 e6 10. Qd2 d5 11. 0-0-0 Na5 12. Kb1 Nxb3 13. axb3 dxe4 14. Nxe4 Nxe4 15. fxe4 Qh4 16. Nb5 b6 17. Nc7 Bb7 18. Nxe8 1-0

[Event "Titled Tuesday intern op 7th April"]
[Site "Chess.com INT"]
[Date "2020.04.07"]
[Round "8"]
[White "Gracia, Gerardo Antonio"]
[Black "Vujacic, Igor"]
[Result "1/2-1/2"]
[WhiteElo "2397"]
[BlackElo "2207"]
[PlyCount "79"]
[EventDate "2020.04.07"]
[EventType "swiss (blitz)"]
[EventRounds "10"]
[EventCountry "USA"]
[SourceTitle "EXT 2021"]
[Source "ChessBase"]
[SourceDate "2020.10.23"]
[SourceVersion "1"]
[SourceVersionDate "2020.10.23"]
[SourceQuality "1"]

1. d4 Nf6 2. c4 g6 3. Nc3 Bg7 4. e4 d6 5. Be2 0-0 6. Nf3 c5 7. 0-0 cxd4 8. Nxd4 Nc6 9. Be3 Nxd4 10. Bxd4 Qa5 11. f3 Be6 12. Qd2 Rfc8 13. b3 a6 14. Rfd1 b5 15. cxb5 axb5 16. Nd5 Qxd2 17. Rxd2 Nxd5 18. exd5 Bh6 19. Rdd1 Bxd5 20. Bxb5 Rc2 21. Bf2 Be6 22. Ba4 Bg7 23. Rac1 Rxa2 24. Rc7 Rb2 25. Rxe7 Bxb3 26. Bxb3 Rxb3 27. h4 Be5 28. Rc1 Ra1 29. Rxa1 Bxa1 30. Bg3 Rd3 31. Rd7 Bd4+ 32. Kf1 Bc5 33. Ke2 Rd4 34. Bf2 Rd5 35. Bxc5 Rxc5 36. Rxd6 Rc2+ 37. Kf1 h5 38. Rd4 Kg7 39. Kg1 Kf6 40. Kh2 1/2-1/2

[Event "LSS OP-2009-0-00756"]
[Site "LSS email"]
[Date "2009.02.23"]
[Round "?"]
[White "Gracia, Gerardo Antonio"]
[Black "Law, Stephen"]
[Result "0-1"]
[WhiteElo "1691"]
[BlackElo "1543"]
[PlyCount "22"]
[EventDate "2009.02.14"]
[EventType "tourn (corr)"]
[EventRounds "4"]
[EventCountry "GER"]
[SourceTitle "Corr 2013"]
[Source "ChessBase"]
[SourceDate "2012.11.12"]
[SourceVersion "1"]
[SourceVersionDate "2012.11.12"]
[SourceQuality "1"]

1. e4 e5 2. Nf3 Nc6 3. d4 exd4 4. Bc4 Nf6 5. e5 d5 6. Bb5 Nd7 7. Bxc6 bxc6 8. Nxd4 Bc5 9. f4 Nxe5 10. fxe5 Qh4+ 11. g3 Qe4+ 0-1